Statistics for Latest Country Name Changes

Click here to take the quiz!

General Stats

  • This quiz has been taken 61 times
  • The average score is 10 of 15

Answer Stats

YearOld NameNew Name% Correct
1997ZaireDemocratic Republic of the Congo
92%
1989BurmaMyanmar
90%
1980Southern RhodesiaZimbabwe
83%
1990South West AfricaNamibia
78%
2002East TimorTimor-Leste
77%
1991KampucheaCambodia
75%
1997Western SamoaSamoa
73%
1984Upper VoltaBurkina Faso
70%
1979Central African EmpireCentral African Republic
67%
2013Cape VerdeCabo Verde
65%
2018SwazilandeSwatini
60%
1979Gilbert IslandsKiribati
53%
1980New HebridesVanuatu
50%
1978Ellice IslandsTuvalu
42%
1977French Territory of the Afars and the IssasDjibouti
28%

Score Distribution

Percentile by Number Answered

Percent of People with Each Score

Your Score History

You have not taken this quiz